LEADER 01219nam--2200385---450- 001 990001031610203316 035 $a0103161 035 $aUSA010103161 035 $a(ALEPH)000103161USA01 035 $a0103161 100 $a20020314d1964----km-y0itay0103----ba 101 $ager 102 $aUS 110 $aau--------- 200 1 $aBizantinische zeitschrift$egeneralregister zu band I-XII, 1892-1903$emit unterstutzung des thrrianosfonds der Konogol$fBayeerischen Akademie der Wissenschaften ausgearbeitet von Paul Mark 210 $aNew York$cJohnson Reprint Corpotion$d1964 215 $aVIII, 592 p.$d24 cm 410 $12001 421 1$1001-------$12001 430 1$1001-------$12001 606 0 $aCiviltà bizantina$xperiodici 676 $a949.5 702 1$aMARK,$bPaul 801 0$aIT$bsalbc$gISBD 912 $a990001031610203316 958 $aLM$bPER VIII 211 959 $aSE 969 $aUMA 979 $aPATTY$b90$c20020314$lUSA01$h1100 979 $aCHIARA$b90$c20020319$lUSA01$h1041 979 $aPATTY$b90$c20020325$lUSA01$h1747 979 $c20020403$lUSA01$h1744 979 $aPATRY$b90$c20040406$lUSA01$h1711 996 $aBizantinische zeitschrift$9977179 997 $aUNISA LEADER 00880nam0 22002773i 450 001 RLZE031479 005 20231121125650.0 100 $a20130327d1806 ||||0itac50 ba 101 | $aita 102 $ait 181 1$6z01$ai $bxxxe 182 1$6z01$an 200 1 $aTestamento Forense 210 $aVenezia$cPresso Antonio Graziosi$d1806 215 $a\2! v 300 $aPosseduto il tomo I? 620 $aIT$dVenezia$3SBLL003553 700 1$aGalanti$b, Giuseppe Maria$3CFIV038234$4070$036576 801 3$aIT$bIT-01$c20130327 850 $aIT-FR0017 899 $aBiblioteca umanistica Giorgio Aprea$bFR0017 912 $aRLZE031479 950 0$aBiblioteca umanistica Giorgio Aprea$d 52MAG 1/1041.1$e 52MAG0000193055 VMN RS $fA $h20130327$i20130327 977 $a 52 996 $aTestamento forense$9267021 997 $aUNICAS